مجموعة القواعد القانونية التى قررتها محكمة النقض و الإداع فى المواد الجنائية : (Record no. 73413)
[ view plain ]
| 000 -LEADER | |
|---|---|
| fixed length control field | 01374nam a2200337 i 4500 |
| 003 - CONTROL NUMBER IDENTIFIER | |
| control field | EG-GICUC |
| 005 - DATE AND TIME OF LATEST TRANSACTION | |
| control field | 20260426094036.0 |
| 008 - FIXED-LENGTH DATA ELEMENTS--GENERAL INFORMATION | |
| fixed length control field | 260426s1934 ua ||||fr|||| 00| 0 ara d |
| 017 ## - COPYRIGHT OR LEGAL DEPOSIT NUMBER | |
| Copyright or legal deposit number | 3000/1933 |
| 040 ## - CATALOGING SOURCE | |
| Original cataloging agency | EG-GICUC |
| Language of cataloging | ara |
| Transcribing agency | EG-GICUC |
| Modifying agency | EG-GICUC |
| Description conventions | rda |
| 041 ## - LANGUAGE CODE | |
| Language code of text/sound track or separate title | ara |
| 082 04 - DEWEY DECIMAL CLASSIFICATION NUMBER | |
| Edition number | 21 |
| Classification number | 343.3844 |
| Item number | ع ل . م |
| 092 04 - LOCALLY ASSIGNED DEWEY CALL NUMBER (OCLC) | |
| Edition number | 21 |
| 099 ## - LOCAL FREE-TEXT CALL NUMBER (OCLC) | |
| Classification number | Law1 10 343.3844 ع ل . م 1ed 1934 |
| 100 1# - MAIN ENTRY--PERSONAL NAME | |
| Personal name | على فهمى |
| Relator term | مؤلف. |
| 245 ## - TITLE STATEMENT | |
| Title | مجموعة القواعد القانونية التى قررتها محكمة النقض و الإداع فى المواد الجنائية : |
| Remainder of title | وضعها . |
| Number of part/section of a work | الجزء الاول ، |
| Name of part/section of a work | عن المدة بين 8 نوفمبر سنة 1928 و بين 27 فبراير سنة 1930 / |
| Statement of responsibility, etc. | على فهمى . |
| 250 ## - EDITION STATEMENT | |
| Edition statement | الطبعة الاولى |
| 264 ## - PRODUCTION, PUBLICATION, DISTRIBUTION, MANUFACTURE, AND COPYRIGHT NOTICE | |
| Place of production, publication, distribution, manufacture | القاهرة : |
| Name of producer, publisher, distributor, manufacturer | مطبعة دار الكتب المصرية بالقاهرة ، |
| Date of production, publication, distribution, manufacture, or copyright notice | 1934 . |
| 300 ## - PHYSICAL DESCRIPTION | |
| Extent | 527؛ صفحة |
| Dimensions | 24 سم |
| 336 ## - CONTENT TYPE | |
| Source | rda content |
| Content type term | text |
| 337 ## - MEDIA TYPE | |
| Source | rda media |
| Media type term | Computer |
| 338 ## - CARRIER TYPE | |
| Source | rda carrier |
| Carrier type term | Online Resource |
| 546 ## - LANGUAGE NOTE | |
| Language note | النص باللغة العربية |
| 650 1# - SUBJECT ADDED ENTRY--TOPICAL TERM | |
| Topical term or geographic name entry element | القانون الجنائى |
| 650 1# - SUBJECT ADDED ENTRY--TOPICAL TERM | |
| Topical term or geographic name entry element | النقض |
| 651 1# - SUBJECT ADDED ENTRY--GEOGRAPHIC NAME | |
| Source of heading or term | qrmak |
| 700 ## - ADDED ENTRY--PERSONAL NAME | |
| Personal name | محمود احمد عمر |
| Relator term | مؤلف مشارك. |
| 856 40 - ELECTRONIC LOCATION AND ACCESS | |
| Uniform Resource Identifier | <a href="https://fll.law.cu.edu.eg/fulltext/bks/B10-10923.pdf">https://fll.law.cu.edu.eg/fulltext/bks/B10-10923.pdf</a> |
| 905 ## - Cataloger and Reviser Names | |
| Cataloger Name: | Hager Sameh |
| 942 ## - ADDED ENTRY ELEMENTS (KOHA) | |
| Source of classification or shelving scheme | Dewey Decimal Classification |
| Koha item type | Books |
| Edition | 21 |
| Suppress in OPAC | No |
| Withdrawn status | Lost status | Source of classification or shelving scheme | Damaged status | Not for loan | Collection | Home library | Current library | Date acquired | Source of acquisition | Total checkouts | Full call number | Barcode | Date last seen | Copy number | Price effective from | Koha item type | Materials specified (bound volume or other part) |
|---|---|---|---|---|---|---|---|---|---|---|---|---|---|---|---|---|---|
| Dewey Decimal Classification | Not for loan | القانون الجنائي | جــــامعة القــاهرة | مكتبة كلية الحقوق - المبنى الرئيسي | 26.04.2026 | إهداء مكتبة الأستاذ الدكتور صلاح عامر | Law1 10 343.3844 ع ل . م 1ed 1934 1010923 V1 , C1 | B10-10923 | 26.04.2026 | 1 | 26.04.2026 | Books | |||||
| Dewey Decimal Classification | القانون الجنائي | جــــامعة القــاهرة | مكتبة كلية الحقوق - المبنى الرئيسي | 27.04.2026 | Law1 10 343.3844 ع ل . م 1 ed - 1934 1011069 V1 , C2 | B10-11069 | 27.04.2026 | 2 | 27.04.2026 | Books | V1 | ||||||
| Dewey Decimal Classification | مكتبة كلية الحقوق - فـرع الشيخ زايد | مكتبة كلية الحقوق - فـرع الشيخ زايد | 27.04.2026 | Law2 10 343.3844 ع ل . م 1 ed - 1934 1011091 V1 , C3 | B10-11091 | 27.04.2026 | 3 | 27.04.2026 | Books | V1 |